| 000 | 00000nam##2200000za#4500 |
| 001 | 9.571954 |
| 003 | CaOODSP |
| 005 | 20210624183000 |
| 007 | cr ||||||||||| |
| 008 | 150406|1998||||xxc|||||o f|0| 0 eng|d |
| 040 | |aCaOODSP|beng |
| 043 | |an-cn--- |
| 086 | 1 |aC21-27/2-1998-4E-PDF |
| 110 | 1 |aCanada. |bIndustry Canada. |
| 245 | 10|aEconomics and the environment : |h[electronic resource]|bthe recent Canadian experience and prospects for the future / |cby Brian R. Copeland. |
| 260 | |aOttawa - Ontario : |bIndustry Canada |cNovember 1998. |
| 300 | |a91p.|btables |
| 490 | 1 |aCanada in the 21st century. II, Resources and technology|vNo. 8 |
| 500 | |aThe catalogue number (C21-27/2-1998-4) and ISBN (0-662-63959-6) for the bilingual print edition have been incorrectly copied in this electronic publication. |
| 504 | |aBibliography. |
| 590 | |a11-24-Supp|b2011-10-24 |
| 690 | 07|aEnvironmental policy|2gcpds |
| 690 | 07|aEnvironmental technology|2gcpds |
| 720 | 1 |aCopeland, Brian |
| 775 | 08|tÉconomie et environnement : |w(CaOODSP)9.602374 |
| 776 | 0#|tEconomics and the environment : |w(CaOODSP)9.531382 |
| 776 | 0#|tÉconomie et environnement : |w(CaOODSP)9.531383 |
| 830 | #0|aCanada in the 21st century. II, Resources and technology ;|vNo. 8|w(CaOODSP)9.506523 |
| 856 | 40|ahttp://publications.gc.ca|qPDF|s205 KB|uhttps://publications.gc.ca/collections/Collection/C21-27-2-1998-4E.pdf|yNo. 8 |